000 00712cab a2200241 4500
001 ABS58016
008 090401t1997 xxu||||| |||| 00| 0 eng d
035 _a(Sirsi) u82837
041 _aeng
100 _aReynolds, P.
245 _aScaling new heights
260 _c1997
350 _a0
490 _aContract Journal
_v391(6156) 17 December 1997, 12-13(2)
520 _aExamines the idea of `lean construction`, changing business relationships and working methods to cut-out wasted time and money.
650 _aCOST CUTTING
650 _aLEAN CONSTRUCTION
650 _aTRAINING AND EDUCATION
650 _aWORKING METHODS
690 _aBUILT ENVIRONMENT
942 _n0
948 _c19/12/1997
999 _c52311
_d52311